| Tag |
First Indicator |
Second Indicator |
Subfields |
| LEADER |
00000cam a22000008a 4500 |
| 001 |
in00000071243 |
| 005 |
20151008062125.0 |
| 008 |
810407s1981 inua b s00110 eng |
| 010 |
|
|
|a 81047524
|
| 020 |
|
|
|a 025315913X
|
| 020 |
|
|
|a 0253159148 (pbk.)
|
| 035 |
|
|
|a (OCoLC)07460687
|
| 035 |
|
|
|9 AAJ9571AM
|
| 039 |
0 |
|
|a 2
|b 3
|c 3
|d 3
|e 3
|
| 040 |
|
|
|a DLC
|c DLC
|d TXA
|d UtOrBLW
|
| 049 |
|
|
|a TXAM
|c [1803516]
|
| 050 |
0 |
0 |
|a PN1995
|b .H397
|
| 082 |
0 |
|
|a 791.43/01
|2 19
|
| 100 |
1 |
|
|a Heath, Stephen.
|
| 245 |
1 |
0 |
|a Questions of cinema /
|c Stephen Heath.
|
| 263 |
|
|
|a 8110
|
| 264 |
|
1 |
|a Bloomington :
|b Indiana University Press,
|c [1981]
|
| 264 |
|
4 |
|c ©1981
|
| 300 |
|
|
|a viii, 257 pages :
|b illustrations ;
|c 22 cm.
|
| 336 |
|
|
|a text
|b txt
|2 rdacontent
|
| 337 |
|
|
|a unmediated
|b n
|2 rdamedia
|
| 338 |
|
|
|a volume
|b nc
|2 rdacarrier
|
| 504 |
|
|
|a Includes bibliographical references and indexes.
|
| 650 |
|
0 |
|a Motion pictures
|x Philosophy.
|
| 650 |
|
0 |
|a Cinematography.
|
| 999 |
|
|
|a MARS
|
| 999 |
f |
f |
|s 9332340e-0ce1-3892-93d1-83b1dea1d2b5
|i 36cec13e-2a99-3c1b-ab81-ef8fabb67540
|t 0
|
| 952 |
f |
f |
|p normal
|a Texas A&M University
|b College Station
|c Sterling C. Evans Library
|d Evans: Library Stacks
|t 0
|e PN1995 .H397
|h Library of Congress classification
|i unmediated -- volume
|m A14806177917
|
| 998 |
f |
f |
|a PN1995 .H397
|t 0
|l Evans: Library Stacks
|